Statistics for 25 countries with the highest elevation

Click here to take the quiz!

General Stats

  • This quiz has been taken 38 times
  • The average score is 22 of 25

Answer Stats

Highest PointAnswer% Correct
8848 m (29029 ft)China
100%
8586 m (28169 ft)India
100%
8848 m (29029 ft)Nepal
100%
8611 m (28251 ft)Pakistan
100%
5642 m (18510 ft)Russia
97%
7492 m (24580 ft)Afghanistan
94%
7010 m (22999 ft)Kazakhstan
94%
6768 m (22205 ft)Peru
94%
6190.5 m (20310 ft)United States
94%
7570 m (24836 ft)Bhutan
91%
5959 m (19551 ft)Canada
91%
6893 m (22615 ft)Chile
91%
7439 m (24406 ft)Kyrgyzstan
91%
6960 m (22835 ft)Argentina
89%
5636 m (18491 ft)Mexico
89%
7495 m (24590 ft)Tajikistan
89%
5700 m (18701 ft)Colombia
86%
5199 m (17057 ft)Kenya
86%
5892 m (19331 ft)Tanzania
86%
5137 m (16854 ft)Turkey
86%
6542 m (21463 ft)Bolivia
83%
5610 m (18406 ft)Iran
83%
5881 m (19295 ft)Myanmar
69%
6267 m (20561 ft)Ecuador
66%
5201 m (17064 ft)Georgia
51%

Score Distribution

Percentile by Number Answered

Percent of People with Each Score

Your Score History

You have not taken this quiz